00343nam a22000977a 450000500170000000800410001702000180005804000310007624500850010726000530019220210305130157.0210305b ||||| |||| 00| 0 eng d a9780521127295 cCambridge University Press aThe Cambridge Grammar of Classical GreekcBoas Van Emde Evert, Rijksbaton Albert aUnited KingdombCambridge University Pressc2019